Canciones de Taylor Swift - Estadísticas

Estadísticas generales
  • Esta prueba ha sido intentada 688 veces
  • La puntuación promedio es 73 de 204
Estadísticas de respuestas
Hint Respuesta % Correcto
Red Red
85%
Fearless Fearless
84%
Lover Lover
83%
Speak Now Speak now
74%
Fearless Love story
73%
Red All too well
72%
1989 Blank Space
72%
1989 Shake it off
72%
Folklore cardigan
71%
Lover ME!
71%
Reputation Look what you made me do
67%
1989 Style
67%
Fearless You belong with me
67%
Speak Now Ours
66%
Folklore the 1
65%
1989 Welcome to New York
65%
Folklore august
64%
Folklore betty
64%
Red 22
63%
Lover Cruel summer
62%
Speak Now Enchanted
62%
Midnights Karma
62%
Fearless | Taylor Swift Our song
60%
Reputation …Ready for it?
60%
Midnights Anti-hero
59%
Evermore evermore
59%
1989 Bad blood
58%
Reputation Delicate
58%
Reputation Don’t blame me
54%
Reputation Getaway car
54%
Lover The man
54%
Speak Now Back to december
53%
Reputation End game
53%
Evermore willow
53%
Evermore champagne problems
52%
Midnights Midnight rain
52%
Speak Now Mine
52%
Lover The archer
52%
1989 Wildest dreams
52%
Lover Daylight
51%
Red I knew you were trouble
51%
Taylor Swift Picture to burn
51%
1989 Slut!
51%
Red We are never ever getting back together
51%
Speak Now Dear John
50%
1989 Out of the woods
50%
Speak Now Sparks fly
49%
Lover You need to calm down
49%
Reputation Dress
48%
Midnights Maroon
48%
1989 Clean
47%
Speak Now Long live
47%
Folklore exile
46%
Speak Now Mean
46%
Folklore mirrorball
46%
1989 New romantics
46%
Lover Paper rings
45%
Taylor Swift Tim McGraw
45%
Midnights Bejeweled
44%
Lover Cornelia street
44%
1989 Is it over now?
44%
Fearless Mr. Perfectly fine
43%
Folklore my tears ricochet
43%
Reputation New year’s day
43%
Midnights You’re on your own kid
43%
Reputation Gorgeous
42%
Folklore illicit affairs
42%
Taylor Swift Invisible
42%
Reputation King of my heart
42%
Folklore seven
42%
Lover London boy
41%
Lover Miss americana & the heartbreak prince
41%
1989 Now that we don’t talk
41%
Midnights Vigilante shit
41%
Lover Afterglow
40%
Reputation Call it what you want
40%
Reputation I did something bad
40%
Midnights Mastermind
40%
Fearless | Taylor Swift Teardrops on my guitar
40%
Folklore the lakes
40%
Fearless The way I loved you
40%
Fearless White horse
40%
1989 Wonderland
40%
Speak Now Better than revenge
39%
Midnights Snow on the beach
39%
Evermore tolerate it
39%
Speak Now I can see you
38%
Midnights Lavander haze
38%
Evermore marjorie
38%
Folklore the last great american dynasty
38%
Folklore hoax
36%
1989 This love
36%
Lover I forgot that you existed
35%
Reputation So it goes…
35%
Speak Now Haunted
34%
Folklore invisible string
34%
Red State of grace
34%
Red Stay stay stay
34%
Midnights The great war
34%
1989 I know places
33%
Midnights Paris
33%
Folklore this is me trying
33%
Reputation This is why we can’t have nice things
33%
Reputation Dancing with our hands tied
32%
Fearless Fifteen
32%
Evermore no body, no crime
32%
1989 All you had to do was stay
31%
1989 How you get the girl
31%
Midnights Question…?
31%
Red Ronan
31%
1989 Suburban legends
31%
Speak Now When Emma falls in love
31%
Single You’re losing me
31%
Lover Death by a thousand cuts
30%
Evermore dorothea
30%
Evermore gold rush
30%
Evermore ivy
30%
Evermore right where you left me
30%
Speak Now Superman
30%
Speak Now The story of us
30%
Speak Now Electric touch
29%
Lover It’s nice to have a friend
29%
Folklore mad woman
29%
1989 Say don’t go
29%
Speak Now Timeless
29%
1989 You are in love
29%
Red Message in a bottle
28%
Folklore peace
28%
Red The last time
28%
Lover False god
27%
Fearless | Taylor Swift Should’ve said no
27%
Midnights Would’ve, could’ve, should’ve
27%
Red I bet you think about me
26%
Lover I think he knows
26%
Speak Now Last kiss
26%
Lover Soon you’ll get better
26%
Red Better man
25%
Speak Now Castles crumbling
25%
Evermore cowboy like me
25%
Folklore epiphany
25%
Midnights Labyrinth
25%
Midnights Glitch
24%
Midnights Hits different
24%
1989 I wish you would
24%
Midnights Dear reader
23%
Speak Now Foolish one
23%
Fearless Forever & always
23%
Red Run
23%
Midnights Sweet nothing
23%
Speak Now Innocent
22%
Red Begin again
21%
Red Come back…be here
21%
Speak Now Never grow up
21%
Evermore coney island
20%
Red Everything has changed
20%
Fearless Hey Stephen
20%
Fearless Jump then fall
20%
Evermore long story short
20%
Red The very first night
20%
Red Babe
19%
Red Nothing new
19%
Red Treacherous
19%
Taylor Swift A place in this world
18%
Taylor Swift Cold as you
18%
Red Forever winter
18%
Red Holy ground
18%
Fearless The best day
18%
Fearless The other side of the door
18%
Midnights Bigger than the whole sky
17%
Red Girl at home
17%
Evermore happiness
17%
Midnights High infidelity
17%
Red The lucky one
17%
Red Starlight
16%
Fearless You’re not sorry
16%
Red All too well (10 minutes version)
15%
Fearless Bye bye baby
15%
Evermore closure
15%
Red I almost do
15%
Red Sad beautiful tragic
15%
Fearless Superstar
15%
Evermore it’s time to go
14%
Fearless Change
13%
Fearless Don’t you
13%
Taylor Swift I’m only me when I’m with you
13%
Fearless Untouchable
13%
Fearless Breathe
12%
Red The moment I knew
12%
Taylor Swift The outside
12%
Taylor Swift Mary’s song (Oh my my my)
11%
Fearless That’s when
11%
Taylor Swift Tied together with a smile
11%
Taylor Swift Stay beautiful
10%
Fearless Tell me why
10%
Fearless Today was a fairytale
10%
Taylor Swift A perfectly good heart
9%
Fearless You all over me
9%
Fearless Come in with the rain
8%
Fearless We were happy
7%
Midnights Snow on the beach (feat more Lana del rey)
3%
Evermore ‘this is the damn season
2%
No se encontraron pruebas coincidentes
Distribución de puntuación
Porcentaje de gente con cada puntuación
Porcentaje por número respondido
Historial de tus puntuaciones
No has intentado esta prueba.